000 01792camaa2200469Mu 4500
001 95029
003 BJBSDDR
005 20251016100534.0
007 ta
008 950215s1994 sp 000 0 spa d
016 7 _abimoBNE19950047618
_2SpMaBN
017 _aM 35820-1994
020 _a8479141557
020 _a9788479141554
035 _a(OCoLC)ocn434359884
035 _a(OCoLC)434359884
040 _aBNM
_erdc
_bspa
_cBNM
041 1 _aspa
_hita
049 _aGRAL
050 1 4 _aPQ 4318
_bD192o 1994
082 0 0 _a851.15
100 0 _aDante Alighieri,
_d1265-1321
_945330
245 1 0 _aObras completas de Dante Alighieri /
_cAlighieri Dante ; versión castellana de Nicolás González Ruíz ; sobre la interpretación literal de Giovanni M. Bertini ; colaboración de José Luis Gutiérrez García.
250 _aQuinta edición
260 _aMadrid :
_bBiblioteca de Autores Cristianos,
_c1994.
300 _a886 páginas ;
_c20 cm.
490 1 _aBiblioteca de autores cristianos
_v157.
500 _aLa Divina Comedia en texto bilingüe
504 _aBibliografía e Indice.
505 0 _aLa Divina comedia ; Vida nueva ; El convite ; La monarquía ; Sobre la lengua vulgar ; Disputa sobre el agua y la tierra.
600 1 4 _aDante Alighieri,
_d1265-1321
_xCrítica e interpretación
_940351
650 4 _aColección Enriquillo Sánchez (CES)
_91142
650 4 _aCES.
650 4 _aPoesía italiana
_926922
650 4 _aLiteratura italiana
_911677
700 1 _aGonzález Ruiz, Nicolás,
_d1897-1968
_945337
_etraductor
700 1 _aBertini, Giovanni Maria,
_d1900-1995
_945338
700 1 _aGutiérrez García, José Luis,
_d1923-1980
_945339
830 0 _aBiblioteca de autores cristianos ;
_v157
_934109
942 _2lcc
_cBK
946 _almm
999 _c81002
_d81002